000
00283nam a2200121Ia 4500
005
20251222141932.0
008
251222s9999||||xx |||||||||||||| ||spa||
082
_a
843.54/Q82
100
_a
"Quoist, Michel"
245
0
_a
DAR: el diario de Ana MarĂa
250
_a
2a.ed.
942
_c
LIB
999
_c
9062
_d
9062